Seleções que tiveram campanha invicta na Copa do Mundo - Statistics

Estatísticas Gerais
  • Esse quiz foi jogado 178 vezes
    169 desde o último reset
  • A pontuação média é 14 de 19
Estatísticas das Respostas
Edição/Edições País % Correto
1958, 1962, 1970, 1978, 1986, 1994 e 2002 Brasil
100%
1934, 1938, 1982, 1990, 1998 e 2006 Itália
98%
1930 e 1950 Uruguai
97%
2014 Alemanha
96%
1990 Alemanha Ocidental
96%
1986 e 2006 Argentina
93%
1998, 2006 e 2018 França
93%
1966, 1982 e 2006 Inglaterra
91%
2002 e 2018 Espanha
86%
2014 e 2022 Países Baixos
82%
2006 Suíça
65%
1998 Bélgica
64%
1986 México
58%
2018 Dinamarca
57%
1982 Camarões
48%
2014 Costa Rica
45%
2002 Irlanda
41%
2010 Nova Zelândia
39%
1974 Escócia
34%
Nenhum quiz correspondente encontrado
Distribuição das Pontuações
Porcentagem de Pessoas com Cada Pontuação
Percentil de Números Respondidos
Sua Pontuação Histórica
Você não jogou esse quiz desde o último reset